<?xml version="1.0" encoding="UTF-8"?>
<record
    xmlns:xsi="http://www.w3.org/2001/XMLSchema-instance"
    xsi:schemaLocation="http://www.loc.gov/MARC21/slim http://www.loc.gov/standards/marcxml/schema/MARC21slim.xsd"
    xmlns="http://www.loc.gov/MARC21/slim">

  <leader>03465nam1a22005651  4500</leader>
  <controlfield tag="001">RU\NLR\A1\1768</controlfield>
  <controlfield tag="005">20260407111835.0</controlfield>
  <datafield tag="035" ind1=" " ind2=" ">
    <subfield code="a">(NLR Aleph) 009671904</subfield>
  </datafield>
  <datafield tag="090" ind1=" " ind2=" ">
    <subfield code="a">9665331</subfield>
    <subfield code="c">9665331</subfield>
  </datafield>
  <datafield tag="100" ind1=" " ind2=" ">
    <subfield code="a">19970728d1781    m  y0rusy50      ca</subfield>
  </datafield>
  <datafield tag="101" ind1="1" ind2=" ">
    <subfield code="a">rus</subfield>
    <subfield code="c">grc</subfield>
  </datafield>
  <datafield tag="102" ind1=" " ind2=" ">
    <subfield code="a">RU</subfield>
  </datafield>
  <datafield tag="140" ind1=" " ind2=" ">
    <subfield code="a">y   g   eaa        yaa0000  </subfield>
  </datafield>
  <datafield tag="200" ind1="1" ind2=" ">
    <subfield code="a">&#x414;&#x443;&#x445;, &#x438;&#x43B;&#x438; &#x43C;&#x44B;&#x441;&#x43B;&#x438; &#x441;&#x432;&#x44F;&#x442;&#x430;&#x433;&#x43E; &#x418;&#x43E;&#x430;&#x43D;&#x43D;&#x430; &#x417;&#x43B;&#x430;&#x442;&#x43E;&#x443;&#x441;&#x442;&#x430;&#x433;&#x43E;, &#x430;&#x440;&#x445;&#x438;&#x435;&#x43F;&#x438;&#x441;&#x43A;&#x43E;&#x43F;&#x430; &#x41A;&#x43E;&#x43D;&#x441;&#x442;&#x430;&#x43D;&#x442;&#x438;&#x43D;&#x43E;&#x43F;&#x43E;&#x43B;&#x44C;&#x441;&#x43A;&#x430;&#x433;&#x43E; &#x438;&#x43B;&#x438; &#x421;&#x43E;&#x43A;&#x440;&#x430;&#x449;&#x435;&#x43D;&#x43D;&#x43E;&#x435; &#x43D;&#x440;&#x430;&#x432;&#x441;&#x442;&#x432;&#x435;&#x43D;&#x43D;&#x43E;&#x435; &#x435;&#x433;&#x43E; &#x443;&#x447;&#x435;&#x43D;&#x438;&#x435;,</subfield>
    <subfield code="e">&#x418;&#x437; &#x437;&#x43B;&#x430;&#x442;&#x44B;&#x445; &#x435;&#x433;&#x43E; &#x441;&#x43E;&#x447;&#x438;&#x43D;&#x435;&#x43D;&#x438;&#x439; &#x432;&#x44B;&#x431;&#x440;&#x430;&#x43D;&#x43D;&#x43E;&#x435;, &#x438; &#x43D;&#x430; &#x43A;&#x430;&#x436;&#x434;&#x44B;&#x439; &#x434;&#x435;&#x43D;&#x44C; &#x432;&#x441;&#x435;&#x433;&#x43E; &#x433;&#x43E;&#x434;&#x430; &#x43A; &#x440;&#x430;&#x437;&#x43C;&#x44B;&#x448;&#x43B;&#x435;&#x43D;&#x438;&#x44E; &#x43F;&#x440;&#x435;&#x434;&#x43B;&#x43E;&#x436;&#x435;&#x43D;&#x43D;&#x43E;&#x435;.</subfield>
    <subfield code="f">&#x41F;&#x435;&#x440;&#x435;&#x432;&#x43E;&#x434; &#x441; &#x43B;&#x430;&#x442;&#x438;&#x43D;&#x441;&#x43A;&#x430;&#x433;&#x43E;. &#x413;. &#x429;.</subfield>
    <subfield code="g">&#x41F;&#x435;&#x440;&#x432;&#x430;&#x44F;-[&#x432;&#x442;&#x43E;&#x440;&#x430;&#x44F;] &#x43F;&#x43E;&#x43B;&#x43E;&#x432;&#x438;&#x43D;&#x430; &#x433;&#x43E;&#x434;&#x430;</subfield>
  </datafield>
  <datafield tag="210" ind1=" " ind2=" ">
    <subfield code="a">&#x41F;&#x435;&#x447;&#x430;&#x442;&#x430;&#x43D;&#x43E; &#x432; &#x41C;&#x43E;&#x441;&#x43A;&#x432;&#x435;</subfield>
    <subfield code="c">&#x432; &#x421;&#x435;&#x43D;&#x430;&#x442;&#x441;&#x43A;&#x43E;&#x439; &#x442;&#x438;&#x43F;&#x43E;&#x433;&#x440;&#x430;&#x444;&#x438;&#x438;, &#x443; &#x424;.&#x413;&#x438;&#x43F;&#x43F;&#x438;&#x443;&#x441;&#x430;</subfield>
    <subfield code="d">1781</subfield>
  </datafield>
  <datafield tag="215" ind1=" " ind2=" ">
    <subfield code="d">8&#xB0;</subfield>
  </datafield>
  <datafield tag="300" ind1=" " ind2=" ">
    <subfield code="a">&#x41F;&#x435;&#x440;. &#x413;&#x430;&#x432;&#x440;&#x438;&#x438;&#x43B; &#x429;&#x451;&#x433;&#x43E;&#x43B;&#x435;&#x432;</subfield>
  </datafield>
  <datafield tag="300" ind1=" " ind2=" ">
    <subfield code="a">&#x41D;&#x430; &#x441;.[3-6] &#x447;.1 &#x43F;&#x43E;&#x441;&#x432;&#x44F;&#x449;. &#x43F;&#x435;&#x440;. &#x430;&#x440;&#x445;&#x438;&#x435;&#x43F;&#x438;&#x441;&#x43A;&#x43E;&#x43F;&#x443; &#x413;&#x430;&#x432;&#x440;&#x438;&#x438;&#x43B;&#x443; (&#x41F;&#x435;&#x442;&#x440;&#x43E;&#x432;&#x443;)</subfield>
  </datafield>
  <datafield tag="305" ind1=" " ind2=" ">
    <subfield code="a">&#x421;&#x443;&#x449;&#x435;&#x441;&#x442;&#x432;&#x443;&#x435;&#x442; 2 &#x438;&#x437;&#x434;., &#x434;&#x430;&#x442;&#x438;&#x440;&#x43E;&#x432;&#x430;&#x43D;&#x43D;&#x44B;&#x445; 1781 &#x433;., &#x43E;&#x442;&#x43B;&#x438;&#x447;&#x430;&#x44E;&#x449;&#x438;&#x445;&#x441;&#x44F; &#x43D;&#x430;&#x431;&#x43E;&#x440;&#x43E;&#x43C; &#x438; &#x43E;&#x444;&#x43E;&#x440;&#x43C;&#x43B;&#x435;&#x43D;&#x438;&#x435;&#x43C;. &#x412; &#x43D;&#x430;&#x441;&#x442;&#x43E;&#x44F;&#x449;&#x435;&#x43C; &#x438;&#x437;&#x434;. &#x432; &#x447;.1 &#x441;&#x442;&#x440;&#x43E;&#x43A;&#x430; 3 &#x43F;&#x43E;&#x441;&#x432;&#x44F;&#x449;. &#x43A;&#x43E;&#x43D;&#x447;&#x430;&#x435;&#x442;&#x441;&#x44F; &#x441;&#x43B;&#x43E;&#x432;&#x430;&#x43C;&#x438;: "...&#x43F;&#x43E;&#x447;&#x438;&#x442;&#x430;&#x44E; &#x441;&#x438;&#x44E;", &#x432; &#x447;.2 &#x438;&#x43C;&#x435;&#x44E;&#x442;&#x441;&#x44F; &#x43E;&#x448;&#x438;&#x431;&#x43A;&#x438; &#x432; &#x43F;&#x430;&#x433;. &#x418;&#x437;&#x434;. &#x43E;&#x442;&#x43B;&#x438;&#x447;&#x430;&#x44E;&#x442;&#x441;&#x44F; &#x442;&#x430;&#x43A;&#x436;&#x435; &#x43D;&#x430;&#x431;&#x43E;&#x440;&#x43E;&#x43C; &#x441;.14-17 &#x447;.1 &#x438; &#x432;&#x438;&#x43D;&#x44C;&#x435;&#x442;&#x43A;&#x430;&#x43C;&#x438;</subfield>
  </datafield>
  <datafield tag="306" ind1=" " ind2=" ">
    <subfield code="a">&#x412; 1787 &#x433;. &#x432; &#x43C;&#x43E;&#x441;&#x43A;. &#x43A;&#x43D;. &#x43B;&#x430;&#x432;&#x43A;&#x430;&#x445; &#x43A;&#x43E;&#x43D;&#x444;&#x438;&#x441;&#x43A;&#x43E;&#x432;&#x430;&#x43D;&#x43E; 769 &#x44D;&#x43A;&#x437;.</subfield>
  </datafield>
  <datafield tag="314" ind1=" " ind2=" ">
    <subfield code="a">&#x412; &#x43A;&#x43E;&#x43D;&#x446;&#x435; &#x447;.2 &#x43F;&#x440;&#x438;&#x43C;&#x435;&#x447;.: &#x421; &#x441;&#x435;&#x43D;&#x442;&#x44F;&#x431;&#x440;&#x44F; &#x43C;&#x435;&#x441;&#x44F;&#x446;&#x430; &#x43F;&#x435;&#x440;&#x435;&#x432;&#x43E;&#x434; &#x412;.&#x411;.</subfield>
  </datafield>
  <datafield tag="321" ind1="1" ind2=" ">
    <subfield code="a">&#x421;&#x41A; XVIII 2613</subfield>
  </datafield>
  <datafield tag="463" ind1=" " ind2="0">
    <subfield code="1">001RU\NLR\A1\1769</subfield>
    <subfield code="9">9665334</subfield>
    <subfield code="p">[28], 303, [1] &#x441;., [1] &#x43B;. &#x444;&#x440;&#x43E;&#x43D;&#x442;.</subfield>
    <subfield code="t">&#x41F;&#x435;&#x440;&#x432;&#x430;&#x44F; &#x43F;&#x43E;&#x43B;&#x43E;&#x432;&#x438;&#x43D;&#x430; &#x433;&#x43E;&#x434;&#x430;.</subfield>
  </datafield>
  <datafield tag="463" ind1=" " ind2="0">
    <subfield code="1">001RU\NLR\A1\1770</subfield>
    <subfield code="9">9665338</subfield>
    <subfield code="p">[18], 1-52, [1], 50-306 [=310] &#x441;.</subfield>
    <subfield code="t">&#x412;&#x442;&#x43E;&#x440;&#x430;&#x44F; &#x43F;&#x43E;&#x43B;&#x43E;&#x432;&#x438;&#x43D;&#x430; &#x433;&#x43E;&#x434;&#x430;.</subfield>
  </datafield>
  <datafield tag="517" ind1="1" ind2=" ">
    <subfield code="a">&#x421;&#x43E;&#x43A;&#x440;&#x430;&#x449;&#x435;&#x43D;&#x43D;&#x43E;&#x435; &#x43D;&#x440;&#x430;&#x432;&#x441;&#x442;&#x432;&#x435;&#x43D;&#x43D;&#x43E;&#x435; &#x435;&#x433;&#x43E; &#x443;&#x447;&#x435;&#x43D;&#x438;&#x435;</subfield>
  </datafield>
  <datafield tag="620" ind1=" " ind2=" ">
    <subfield code="d">&#x41C;&#x43E;&#x441;&#x43A;&#x432;&#x430;</subfield>
  </datafield>
  <datafield tag="700" ind1=" " ind2="0">
    <subfield code="4">070</subfield>
    <subfield code="8">rus</subfield>
    <subfield code="7">ca</subfield>
    <subfield code="a">&#x418;&#x43E;&#x430;&#x43D;&#x43D; &#x417;&#x43B;&#x430;&#x442;&#x43E;&#x443;&#x441;&#x442;</subfield>
    <subfield code="f">&#x43E;&#x43A;.347-407</subfield>
    <subfield code="c">&#x430;&#x440;&#x445;&#x438;&#x435;&#x43F;&#x438;&#x441;&#x43A;&#x43E;&#x43F; &#x41A;&#x43E;&#x43D;&#x441;&#x442;&#x430;&#x43D;&#x442;&#x438;&#x43D;&#x43E;&#x43F;&#x43E;&#x43B;&#x44C;&#x441;&#x43A;&#x438;&#x439;</subfield>
    <subfield code="3">RU\NLR\AUTH\77702</subfield>
    <subfield code="9">110743</subfield>
  </datafield>
  <datafield tag="702" ind1=" " ind2="1">
    <subfield code="4">730</subfield>
    <subfield code="7">ca</subfield>
    <subfield code="8">rus</subfield>
    <subfield code="a">&#x429;&#x451;&#x433;&#x43E;&#x43B;&#x435;&#x432;</subfield>
    <subfield code="b">&#x413;.</subfield>
    <subfield code="f">18 &#x432;.</subfield>
    <subfield code="g">&#x413;&#x430;&#x432;&#x440;&#x438;&#x438;&#x43B;</subfield>
    <subfield code="9">232208</subfield>
    <subfield code="3">RU\NLR\AUTH\770232264</subfield>
  </datafield>
  <datafield tag="702" ind1=" " ind2="0">
    <subfield code="4">280</subfield>
    <subfield code="8">rus</subfield>
    <subfield code="7">ca</subfield>
    <subfield code="a">&#x413;&#x430;&#x432;&#x440;&#x438;&#x438;&#x43B;</subfield>
    <subfield code="c">&#x41F;&#x435;&#x442;&#x440;&#x43E;&#x432;, &#x41F;&#x435;&#x442;&#x440; &#x41F;&#x435;&#x442;&#x440;&#x43E;&#x432;&#x438;&#x447;</subfield>
    <subfield code="c">&#x43C;&#x438;&#x442;&#x440;&#x43E;&#x43F;&#x43E;&#x43B;&#x438;&#x442; &#x41D;&#x43E;&#x432;&#x433;&#x43E;&#x440;&#x43E;&#x434;&#x441;&#x43A;&#x438;&#x439; &#x438; &#x421;&#x430;&#x43D;&#x43A;&#x442;-&#x41F;&#x435;&#x442;&#x435;&#x440;&#x431;&#x443;&#x440;&#x433;&#x441;&#x43A;&#x438;&#x439;</subfield>
    <subfield code="f">1730-1801</subfield>
    <subfield code="3">RU\NLR\AUTH\7710169</subfield>
    <subfield code="9">119952</subfield>
  </datafield>
  <datafield tag="702" ind1=" " ind2="1">
    <subfield code="4">610</subfield>
    <subfield code="7">ca</subfield>
    <subfield code="8">rus</subfield>
    <subfield code="a">&#x420;&#x438;&#x434;&#x438;&#x433;&#x435;&#x440;</subfield>
    <subfield code="b">&#x425;.</subfield>
    <subfield code="g">&#x425;&#x440;&#x438;&#x441;&#x442;&#x438;&#x430;&#x43D;</subfield>
    <subfield code="9">232514</subfield>
    <subfield code="3">RU\NLR\AUTH\770232570</subfield>
  </datafield>
  <datafield tag="702" ind1=" " ind2="1">
    <subfield code="4">610</subfield>
    <subfield code="7">ca</subfield>
    <subfield code="8">rus</subfield>
    <subfield code="a">&#x41A;&#x43B;&#x430;&#x443;&#x434;&#x438;&#x439;</subfield>
    <subfield code="b">&#x425;.&#x410;.</subfield>
    <subfield code="f">-1805</subfield>
    <subfield code="g">&#x425;&#x440;&#x438;&#x441;&#x442;&#x43E;&#x444;&#x43E;&#x440; &#x410;&#x43B;&#x435;&#x43A;&#x441;&#x430;&#x43D;&#x434;&#x440;&#x43E;&#x432;&#x438;&#x447;</subfield>
    <subfield code="9">232381</subfield>
    <subfield code="3">RU\NLR\AUTH\770232437</subfield>
  </datafield>
  <datafield tag="702" ind1=" " ind2="0">
    <subfield code="a">&#x412;.&#x411;.</subfield>
    <subfield code="4">730</subfield>
  </datafield>
  <datafield tag="712" ind1="0" ind2="2">
    <subfield code="4">610</subfield>
    <subfield code="a">&#x421;&#x435;&#x43D;&#x430;&#x442;&#x441;&#x43A;&#x430;&#x44F; &#x442;&#x438;&#x43F;&#x43E;&#x433;&#x440;&#x430;&#x444;&#x438;&#x44F;</subfield>
    <subfield code="c">&#x41C;&#x43E;&#x441;&#x43A;&#x432;&#x430;</subfield>
    <subfield code="3">RU\NLR\AUTH\889940126</subfield>
    <subfield code="9">375083</subfield>
  </datafield>
  <datafield tag="801" ind1=" " ind2="0">
    <subfield code="a">RU</subfield>
    <subfield code="b">NLR</subfield>
    <subfield code="c">19970728</subfield>
  </datafield>
  <datafield tag="852" ind1=" " ind2=" ">
    <subfield code="a">NLR</subfield>
    <subfield code="j">138/1445</subfield>
  </datafield>
  <datafield tag="852" ind1=" " ind2=" ">
    <subfield code="a">NLR</subfield>
    <subfield code="b">&#x420;&#x417;&#x424;</subfield>
    <subfield code="j">18 &#x432;. 3/1169 (1)</subfield>
  </datafield>
  <datafield tag="899" ind1=" " ind2=" ">
    <subfield code="a">&#x420;&#x413;&#x411;</subfield>
  </datafield>
  <datafield tag="899" ind1=" " ind2=" ">
    <subfield code="a">&#x411;&#x410;&#x41D;</subfield>
  </datafield>
  <datafield tag="899" ind1=" " ind2=" ">
    <subfield code="a">&#x417;&#x41D;&#x411; &#x412;&#x413;&#x423;</subfield>
    <subfield code="y">&#x427;.1</subfield>
  </datafield>
  <datafield tag="899" ind1=" " ind2=" ">
    <subfield code="a">&#x417;&#x41D;&#x411; &#x421;&#x413;&#x423;</subfield>
  </datafield>
  <datafield tag="899" ind1=" " ind2=" ">
    <subfield code="a">&#x41E;&#x41E;&#x41D;&#x411;</subfield>
    <subfield code="y">[&#x427;.2]</subfield>
  </datafield>
  <datafield tag="899" ind1=" " ind2=" ">
    <subfield code="a">&#x41A;&#x438;&#x440;&#x41E;&#x423;&#x41D;&#x411;</subfield>
  </datafield>
  <datafield tag="899" ind1=" " ind2=" ">
    <subfield code="a">&#x41C;&#x413;&#x423;</subfield>
  </datafield>
  <datafield tag="899" ind1=" " ind2=" ">
    <subfield code="a">&#x413;&#x41F;&#x418;&#x411;</subfield>
  </datafield>
  <datafield tag="899" ind1=" " ind2=" ">
    <subfield code="a">&#x422;&#x41E;&#x423;&#x41D;&#x411;</subfield>
  </datafield>
  <datafield tag="899" ind1=" " ind2=" ">
    <subfield code="a">&#x42F;&#x418;&#x410;&#x41C;&#x417;</subfield>
    <subfield code="y">[&#x427;.2]</subfield>
  </datafield>
  <datafield tag="942" ind1=" " ind2=" ">
    <subfield code="c">BOOK</subfield>
  </datafield>
  <datafield tag="980" ind1=" " ind2=" ">
    <subfield code="a">NB</subfield>
  </datafield>
  <datafield tag="980" ind1=" " ind2=" ">
    <subfield code="a">A1XVIIIv</subfield>
  </datafield>
</record>
